[Event "Moscow Open A 2016"]
[Site "Moscow RUS"]
[Date "2016.02.02"]
[Round "4.70"]
[White "Solovjev, Nikolay2"]
[Black "Suleymanli, Aydin"]
[Result "1-0"]
[WhiteTitle "FM"]
[BlackTitle "CM"]
[WhiteElo "2332"]
[BlackElo "1930"]
[WhiteFideId "24112127"]
[BlackFideId "13413937"]
[EventDate "2016.01.30"]

1. Nf3 Nf6 2. g3 e6 3. Bg2 d5 4. d3 Be7 5. O-O c5 6. Nbd2 Nc6 7. e4 Qc7 8. Re1
b6 9. Qe2 Bb7 10. e5 Nd7 11. a3 O-O-O 12. c3 Rdg8 13. b4 g5 14. b5 Nd8 15. Nf1
f6 16. d4 g4 17. Nh4 fxe5 18. dxe5 Nf7 19. Bf4 c4 20. Nf5 Bc5 21. Nd4 Rg6 22.
Ne3 Rhg8 23. Nec2 1-0

[Event "Moscow Open A 2016"]
[Site "Moscow RUS"]
[Date "2016.02.02"]
[Round "4.71"]
[White "Kaasen, Tor Fredrik"]
[Black "Lugovskoy, Maxim"]
[Result "0-1"]
[BlackTitle "IM"]
[WhiteElo "2168"]
[BlackElo "2489"]
[WhiteFideId "1516647"]
[BlackFideId "24126454"]
[EventDate "2016.01.30"]

1. d4 d5 2. c4 e6 3. Nc3 a6 4. cxd5 exd5 5. Nf3 c6 6. Bf4 Bd6 7. Bg3 Ne7 8. e3
O-O 9. Bd3 Bf5 10. O-O Bxg3 11. hxg3 Nd7 12. b4 Nb6 13. a4 Qd6 14. Bxf5 Nxf5 15.
Qd3 Ne7 16. Rab1 Ng6 17. Rfc1 f5 18. b5 cxb5 19. axb5 a5 20. Ra1 h5 21. Na4 Nc4
22. Nd2 Nxd2 23. Qxd2 h4 24. gxh4 Nxh4 25. Qa2 f4 26. e4 Qg6 27. Qxd5+ Kh8 28.
e5 Rad8 29. Qxb7 f3 30. g3 Qg4 31. Kh2 Nf5 32. Rh1 Kg8 33. Rae1 Rxd4 34. Nc5
Nxg3 0-1

[Event "Moscow Open A 2016"]
[Site "Moscow RUS"]
[Date "2016.02.02"]
[Round "4.72"]
[White "Makhmutov, Rail"]
[Black "Samdanov, Samdan"]
[Result "1/2-1/2"]
[WhiteTitle "FM"]
[BlackTitle "FM"]
[WhiteElo "2459"]
[BlackElo "2250"]
[WhiteFideId "4122151"]
[BlackFideId "4188101"]
[EventDate "2016.01.30"]

1. d4 d5 2. c4 e6 3. Nc3 Be7 4. cxd5 exd5 5. Bf4 c6 6. e3 Bd6 7. Bg3 Ne7 8. Nf3
Nf5 9. Bd3 Nxg3 10. hxg3 Nd7 11. Qc2 Nf8 12. O-O-O Be6 13. Kb1 Qc7 14. Rc1 O-O-O
15. Nb5 Qb6 16. Nxd6+ Rxd6 17. Rh4 h6 18. g4 Rg8 19. Qc3 Kb8 20. g5 hxg5 21.
Nxg5 Qd8 22. Nf3 f6 23. Qa3 Bf7 24. Rch1 Re6 25. Nd2 Qd6 26. Qc3 Re8 27. Nb3 Bg6
28. Bxg6 Nxg6 29. R4h3 Nf8 30. Rh8 Ne6 31. Rxg8 Rxg8 32. Qc2 Ng5 33. Nc5 Re8 34.
Qg6 Qe7 35. Rh4 b6 36. Nd3 Kb7 37. Nc1 Qf7 38. Qc2 Ne4 39. Nd3 Qd7 40. a3 Ka8
41. Rh7 Rc8 42. Ka1 Ng5 43. Rh1 Ne4 44. Nf4 Qf5 45. Rc1 Kb7 46. Nd3 Nd6 47. Qe2
Qe4 48. Nb4 Nc4 49. g3 a5 50. Nd3 Rh8 51. Ka2 Rh2 52. Qc2 a4 53. Nc5+ bxc5 54.
Qxe4 dxe4 55. Rxc4 cxd4 56. Rxd4 f5 57. g4 g6 58. Rd6 Rxf2 59. Rxg6 f4 60. Re6
fxe3 61. Rxe4 e2 62. g5 Rg2 63. g6 Kb6 64. g7 Rxg7 65. Rxe2 Rg4 1/2-1/2

[Event "Moscow Open A 2016"]
[Site "Moscow RUS"]
[Date "2016.02.02"]
[Round "4.73"]
[White "Usmanov, Vasily"]
[Black "Mikheev, Aleksey"]
[Result "1-0"]
[WhiteTitle "IM"]
[WhiteElo "2451"]
[BlackElo "2235"]
[WhiteFideId "4135741"]
[BlackFideId "24177660"]
[EventDate "2016.01.30"]

1. d4 Nf6 2. c4 g6 3. Nc3 Bg7 4. e4 d6 5. Be2 O-O 6. Bg5 Na6 7. Qd2 e5 8. d5 Nc5
9. f3 a5 10. h4 Qd7 11. g4 Ne8 12. Be3 f5 13. exf5 gxf5 14. g5 Na4 15. Nxa4 Qxa4
16. f4 Qb4 17. O-O-O c5 18. h5 Ra6 19. h6 Bh8 20. Qc2 Bd7 21. Bd2 Qa4 22. Qxa4
Bxa4 23. b3 Bd7 24. a4 e4 25. Bh5 Nc7 26. Ne2 Be8 27. Rdg1 Bg6 28. Bxg6 hxg6 29.
h7+ Kf7 30. Rh6 Bg7 31. Rgh1 Rh8 32. Ng3 Raa8 33. Nxf5 gxf5 34. Rxd6 Rae8 35.
Bxa5 Re7 36. g6+ Ke8 37. Rh5 Rf8 38. Kd2 Rd7 39. Rb6 Ke7 40. Rxb7 Ne8 41. Rb8
Rd6 42. Bb6 Rxb6 43. Rxb6 Nd6 44. Ra6 Bh8 45. Ra7+ Kf6 46. Rd7 1-0

[Event "Moscow Open A 2016"]
[Site "Moscow RUS"]
[Date "2016.02.02"]
[Round "4.74"]
[White "Demianjuk, Alexander"]
[Black "Mustafin, Andrey"]
[Result "0-1"]
[WhiteElo "2388"]
[BlackElo "2241"]
[WhiteFideId "4134249"]
[BlackFideId "13406744"]
[EventDate "2016.01.30"]

1. d4 Nf6 2. c4 g6 3. Nc3 Bg7 4. e4 d6 5. Nf3 O-O 6. Be2 c5 7. O-O Bg4 8. d5
Nfd7 9. h3 Bxf3 10. Bxf3 Na6 11. Bg5 Re8 12. Qd2 Qa5 13. Be2 Nc7 14. Qc2 Rab8
15. Bd2 Na8 16. Nb5 Qb6 17. Bc3 a6 18. Bxg7 Kxg7 19. Nc3 Qd8 20. f4 Nc7 21. a4
e6 22. Rad1 exd5 23. exd5 f5 24. Rf2 Re3 25. Rd2 Qh4 26. Nd1 Rg3 27. Rd3 Nf6 28.
Rxg3 Qxg3 29. Rf3 Qe1+ 30. Rf1 Qh4 31. Qc3 Kf7 32. Bd3 Re8 33. b4 Nd7 34. b5 Qf6
35. bxa6 Nxa6 36. Qxf6+ Kxf6 37. Kf2 Nb4 38. Be2 Na2 39. g4 Re4 40. Kf3 Rd4 41.
gxf5 gxf5 42. Ne3 Nc3 43. a5 Nf8 44. Rc1 Rxf4+ 45. Kg2 Nxe2 46. Rb1 Ng6 47. Rxb7
Nh4+ 48. Kh1 Rf3 0-1

[Event "Moscow Open A 2016"]
[Site "Moscow RUS"]
[Date "2016.02.02"]
[Round "4.75"]
[White "Salemgareev, Tagir"]
[Black "Musaev, Rasul"]
[Result "1/2-1/2"]
[BlackTitle "FM"]
[WhiteElo "2223"]
[BlackElo "2379"]
[WhiteFideId "24199052"]
[BlackFideId "24146870"]
[EventDate "2016.01.30"]

1. Nf3 g6 2. c4 Bg7 3. d4 c5 4. e4 cxd4 5. Nxd4 Nc6 6. Be3 Nf6 7. Nc3 O-O 8. Be2
d6 9. O-O Bd7 10. f3 Nxd4 11. Bxd4 Bc6 12. Qd2 Nd7 13. Be3 a5 14. Rab1 Be5 15.
Rfc1 Nc5 16. b3 f5 17. exf5 gxf5 18. a3 a4 19. bxa4 Nxa4 20. Nd5 e6 21. Bg5 Qa5
22. Ne7+ Kh8 23. Qxa5 Rxa5 24. Nxc6 bxc6 25. Rb7 Nc5 26. Rc7 Rxa3 27. Rd1 Rfa8
28. Rxc6 Ra1 29. Rxd6 h6 30. Be3 Kh7 31. Rd2 Bc3 32. Rxa1 Rxa1+ 33. Rd1 Rxd1+
34. Bxd1 Bb4 35. Bc2 h5 36. Kf2 Kg6 37. Bd4 Kg5 38. h4+ Kg6 39. g4 Ba3 40. Kg3
Nb7 41. Kf4 Bd6+ 42. Be5 hxg4 43. fxg4 Be7 44. gxf5+ exf5 45. Bxf5+ Kh5 46. Bc7
Nd6 47. Bg4+ Kxh4 48. c5 Nb7 49. c6 Nd8 50. Bf3 1/2-1/2

[Event "Moscow Open A 2016"]
[Site "Moscow RUS"]
[Date "2016.02.02"]
[Round "4.76"]
[White "Sanzhaev, Darsen"]
[Black "Obgolts, Erik"]
[Result "1-0"]
[WhiteTitle "FM"]
[WhiteElo "2373"]
[BlackElo "2220"]
[WhiteFideId "24120030"]
[BlackFideId "24199044"]
[EventDate "2016.01.30"]

1. d4 Nf6 2. c4 g6 3. Nc3 Bg7 4. e4 d6 5. f3 O-O 6. Be3 e5 7. Nge2 exd4 8. Nxd4
Nc6 9. Be2 Re8 10. O-O Nh5 11. Nxc6 bxc6 12. Qd2 c5 13. Rad1 Bb7 14. Rfe1 Qe7
15. Bf1 Rab8 16. b3 Bc6 17. Bf2 Qf6 18. Rc1 a5 19. Nb5 Bxb5 20. cxb5 Nf4 21. a4
Ne6 22. Bc4 Nd4 23. Be3 Qh4 24. Kh1 Qh5 25. Rf1 Ra8 26. Bd5 Ra7 27. Bxd4 Bxd4
28. Bc6 Rf8 29. Rc4 Qe5 30. Rd1 Kg7 31. f4 Qf6 32. h3 h6 33. Qd3 Kh7 34. Qf3 h5
35. Rc2 h4 36. Re2 Kg7 37. Rf1 Rh8 38. Ree1 Rh5 39. Qd3 Qe7 40. Qc4 f6 41. Rd1
Kh7 42. f5 Be5 43. Qe6 Qf8 44. fxg6+ Kh6 45. Rf5 Rg5 46. Qf7 Qg7 47. Rxg5 fxg5
48. Kg1 Qxg6 49. Qxg6+ Kxg6 50. Kf2 Kh5 51. Kf3 Bf4 52. Rf1 Be5 53. Ke3 Bf4+ 54.
Rxf4 gxf4+ 55. Kxf4 Kg6 56. Kg4 1-0

[Event "Moscow Open A 2016"]
[Site "Moscow RUS"]
[Date "2016.02.02"]
[Round "4.77"]
[White "Hadzimanolis, Antonios"]
[Black "Golubev, Roman"]
[Result "1/2-1/2"]
[WhiteTitle "FM"]
[BlackTitle "FM"]
[WhiteElo "2219"]
[BlackElo "2365"]
[WhiteFideId "4202813"]
[BlackFideId "14202344"]
[EventDate "2016.01.30"]

1. e4 e5 2. Nf3 Nc6 3. Bb5 a6 4. Ba4 Nf6 5. O-O Be7 6. Re1 b5 7. Bb3 d6 8. c3
O-O 9. h3 Bb7 10. d4 Nd7 11. Nbd2 exd4 12. cxd4 Bf6 13. Nf1 Na5 14. Bc2 Re8 15.
Ng3 g6 16. Bf4 c5 17. Bxd6 cxd4 18. Bd3 Nc4 19. Bxc4 bxc4 20. Rc1 Rc8 21. b3 Qb6
22. e5 Bxf3 23. gxf3 Nxe5 24. Ne4 Bg7 25. bxc4 f5 26. c5 Qb4 27. Bxe5 Bxe5 28.
Rb1 Qa3 29. Rb3 Qa5 30. Rb7 fxe4 31. Qb3+ Kh8 32. Rxe4 Qd8 33. Qf7 Qg5+ 34. Kf1
Qc1+ 35. Re1 Qh6 36. Rxe5 Rf8 37. Qd7 Rcd8 38. Qc7 Rc8 39. Qd7 Rcd8 40. Qc7 Rc8
41. Qd7 1/2-1/2

[Event "Moscow Open A 2016"]
[Site "Moscow RUS"]
[Date "2016.02.02"]
[Round "4.78"]
[White "Drygalov, Andrey"]
[Black "Mkrtchyan, Sargis R."]
[Result "1/2-1/2"]
[WhiteElo "2352"]
[BlackElo "2214"]
[WhiteFideId "24171735"]
[BlackFideId "13307878"]
[EventDate "2016.01.30"]

1. e4 e5 2. Nf3 Nc6 3. Bb5 f5 4. d3 fxe4 5. dxe4 Nf6 6. Nc3 Bc5 7. O-O d6 8. Bg5
O-O 9. Na4 Bb6 10. Nxb6 axb6 11. c3 Be6 12. Qe2 Qe8 13. Bc4 Qf7 14. Bxe6 Qxe6
15. b3 Nd7 16. Be3 h6 17. Nd2 Ne7 18. Rfd1 Rf7 19. a4 Nf6 20. c4 Ng6 21. f3 Nf4
22. Bxf4 exf4 23. Nf1 g5 24. Qd2 Ra5 25. Kh1 Nd7 26. Qc3 Re5 27. a5 bxa5 28.
Rxa5 g4 29. Nd2 Rg7 30. Rf1 c5 31. fxg4 Qxg4 32. Qf3 Qg6 33. Raa1 Rh5 34. Qe2
Ne5 35. Rxf4 Rxh2+ 36. Kxh2 Qg3+ 37. Kg1 Qxf4 38. Rf1 Qg3 39. Nf3 Ng6 40. Qd2
Nf4 41. Ne1 Rg4 42. Rf3 Qh4 43. Qe3 Ne6 44. Rf1 Rxe4 45. Qd2 Nd4 46. Nf3 Nxf3+
47. Rxf3 Re1+ 48. Rf1 Rxf1+ 49. Kxf1 Qf6+ 50. Ke2 Kf7 51. Qd3 b6 52. Qh7+ Ke6
53. Qg8+ Kf5 54. Kd3 Kf4 55. Kc2 Qg5 56. Qa8 Qf5+ 57. Kb2 Kg3 58. Qc6 Qf6+ 59.
Ka2 h5 60. Qxb6 Kxg2 61. Qc6+ Kg3 62. Qe4 h4 63. Qe3+ Qf3 64. Qg5+ Qg4 65. Qe3+
Kh2 66. Ka3 h3 67. Qd2+ Kh1 68. Qe1+ Qg1 69. Qe4+ Qg2 70. Qe1+ Kh2 71. Qe6 Qa8+
72. Kb2 Qh8+ 73. Ka2 Qd4 74. Qg6 Kh1 75. Qg3 Qd2+ 76. Ka3 Qa5+ 77. Kb2 Qd2+ 78.
Ka3 h2 79. Qf3+ Kg1 80. Qg3+ Kf1 81. Qf3+ Ke1 82. Qh1+ Ke2 83. Qxh2+ Kd1 84.
Qxd2+ Kxd2 85. b4 cxb4+ 1/2-1/2

[Event "Moscow Open A 2016"]
[Site "Moscow RUS"]
[Date "2016.02.02"]
[Round "4.79"]
[White "Begelman, Boris"]
[Black "Afanasiev, Nikita"]
[Result "0-1"]
[BlackTitle "FM"]
[WhiteElo "2218"]
[BlackElo "2335"]
[WhiteFideId "34136441"]
[BlackFideId "24183555"]
[EventDate "2016.01.30"]

1. e4 c6 2. d4 d5 3. Nc3 g6 4. h3 Bg7 5. Nf3 Nh6 6. Bd3 f6 7. O-O Nf7 8. Re1 O-O
9. Ne2 e5 10. dxe5 fxe5 11. Ng3 Qf6 12. Qe2 Nd7 13. b4 a5 14. b5 Nb6 15. Ba3 Re8
16. c3 Be6 17. bxc6 bxc6 18. Rab1 Rab8 19. Nf1 Bh6 20. Ne3 Qd8 21. Ng4 Bg7 22.
Bc2 Qc7 23. Nd2 Nd7 24. Bb3 a4 25. Bc2 Qa5 26. Bb4 Qa7 27. h4 d4 28. Nc4 c5 29.
Ba3 h5 30. Nh2 Bf6 31. g3 Kg7 32. Bd3 Qc7 33. Qc2 Nb6 34. Nxb6 Rxb6 35. cxd4
exd4 36. Rxb6 Qxb6 37. Bxc5 Qa5 38. Rc1 Rc8 39. Nf3 Kg8 40. e5 Be7 41. Bxe7 Rxc2
42. Rxc2 Qd5 43. Ng5 Nxg5 44. hxg5 Qf3 45. Bc4 Qd1+ 46. Kh2 Qxc2 47. Bxe6+ Kh7 0-1

[Event "Moscow Open A 2016"]
[Site "Moscow RUS"]
[Date "2016.02.02"]
[Round "4.80"]
[White "Tolstikh, Nikolay"]
[Black "Zhileykin, Andrey"]
[Result "1/2-1/2"]
[WhiteTitle "IM"]
[WhiteElo "2332"]
[BlackElo "2210"]
[WhiteFideId "4106350"]
[BlackFideId "24157503"]
[EventDate "2016.01.30"]

1. e4 e5 2. Nf3 Nc6 3. Bb5 Nf6 4. Nc3 Bd6 5. O-O O-O 6. Re1 Re8 7. Bc4 a6 8. a3
Bc5 9. d3 h6 10. Be3 Bxe3 11. fxe3 d6 12. Qd2 Be6 13. Bxe6 Rxe6 14. d4 Re8 15.
Qf2 Na7 16. Rad1 Nb5 17. Nxb5 axb5 18. dxe5 Nxe4 19. Qe2 c6 20. exd6 Nxd6 21.
Rd4 Qe7 22. e4 Nc4 23. c3 Rad8 24. Qf2 Ne5 25. Nxe5 Qxe5 26. Qd2 Qc5 27. Kf1
Qc4+ 28. Kf2 Qc5 29. Kf1 Qc4+ 30. Kf2 Qc5 31. Kf1 Qc4+ 1/2-1/2

[Event "Moscow Open A 2016"]
[Site "Moscow RUS"]
[Date "2016.02.02"]
[Round "4.81"]
[White "Nyudleev, Dolgan"]
[Black "Ioffe, Ilya"]
[Result "1-0"]
[WhiteTitle "IM"]
[WhiteElo "2328"]
[BlackElo "2200"]
[WhiteFideId "4198360"]
[BlackFideId "34134031"]
[EventDate "2016.01.30"]

1. e4 e5 2. Nf3 Nc6 3. Bb5 a6 4. Ba4 Nf6 5. O-O Be7 6. Re1 b5 7. Bb3 O-O 8. h3
Bb7 9. d3 d5 10. Nc3 dxe4 11. dxe4 Nd4 12. Bg5 Nxb3 13. axb3 b4 14. Bxf6 Bxf6
15. Nd5 a5 16. Qd3 Re8 17. Rad1 Qd6 18. Qb5 Bc6 19. Qc4 Rab8 20. Nf4 Bb5 21.
Rxd6 Bxc4 22. Rxf6 Bxb3 23. Rf5 f6 24. cxb3 1-0

[Event "Moscow Open A 2016"]
[Site "Moscow RUS"]
[Date "2016.02.02"]
[Round "4.82"]
[White "Kholopov, Alexander A."]
[Black "Taalaibekov, Tagir"]
[Result "1/2-1/2"]
[WhiteTitle "FM"]
[WhiteElo "2325"]
[BlackElo "2181"]
[WhiteFideId "4148100"]
[BlackFideId "13801163"]
[EventDate "2016.01.30"]

1. d4 Nf6 2. c4 e6 3. Nc3 Bb4 4. Qc2 d6 5. Bg5 Nbd7 6. e3 h6 7. Bh4 O-O 8. Bd3
Qe7 9. Ne2 b6 10. O-O Bxc3 11. Nxc3 Bb7 12. b4 e5 13. d5 a5 14. a3 g5 15. Bg3
Nh5 16. Rae1 Ng7 17. f4 f5 18. Nb5 e4 19. Be2 Nf6 20. Nd4 Bc8 21. Rc1 axb4 22.
axb4 Kh7 23. Be1 Bd7 24. Bc3 gxf4 25. exf4 Rg8 26. Ra1 Rac8 27. Qd1 Qf7 28. Qe1
Ngh5 29. Nc2 b5 30. Ne3 bxc4 31. Qh4 Ng4 32. Bxg4 fxg4 33. f5 Rg5 34. f6 Rcg8
35. Ra7 Qg6 36. f7 Rf8 37. Qf2 1/2-1/2

[Event "Moscow Open A 2016"]
[Site "Moscow RUS"]
[Date "2016.02.02"]
[Round "4.83"]
[White "Tugarin, Anton"]
[Black "Savenkov, Konstantin"]
[Result "1/2-1/2"]
[BlackTitle "FM"]
[WhiteElo "2214"]
[BlackElo "2325"]
[WhiteFideId "24151246"]
[BlackFideId "4138600"]
[EventDate "2016.01.30"]

1. Nf3 Nf6 2. c4 g6 3. Nc3 Bg7 4. e4 d6 5. d4 O-O 6. Be2 e5 7. O-O Nc6 8. d5 Ne7
9. b4 Nh5 10. g3 f5 11. Ng5 Nf6 12. Bf3 fxe4 13. Ncxe4 Nf5 14. Bg2 h6 15. Nxf6+
Rxf6 16. Ne4 Rf7 17. Ba3 Bd7 18. Bb2 Qf8 19. a4 a5 20. bxa5 Rxa5 21. Bc3 Ra6 22.
a5 Nd4 23. Bb4 Qc8 24. c5 Bb5 25. Re1 dxc5 26. Bxc5 Qf5 27. Ra3 Bf8 28. g4 Qf4
29. Bxd4 exd4 30. Rf3 Qe5 31. Rxf7 Kxf7 32. Nc3 Qxe1+ 33. Qxe1 dxc3 34. Qxc3 Bd6
35. g5 hxg5 36. Bh3 Be8 37. Bc8 Ra7 38. Qe3 Ra8 39. Qe6+ Kf8 40. Qf6+ Kg8 41.
Be6+ Kh7 42. Kg2 Bb5 43. Qxg5 Rf8 44. h4 Bd3 45. Qe3 Bc2 46. Qe2 Bb1 47. Qe1 Bc2
48. Bg4 Rf4 49. Bf3 Rxh4 50. Qe8 Bf5 51. Qf7+ Kh6 52. Qf6 Rb4 53. Qh8+ Kg5 54.
Qd8+ Kh6 55. Qh8+ Kg5 56. Qd8+ Kh6 1/2-1/2

[Event "Moscow Open A 2016"]
[Site "Moscow RUS"]
[Date "2016.02.02"]
[Round "4.84"]
[White "Selivanov, Ivan"]
[Black "Fakhrutdinov, Timur"]
[Result "0-1"]
[BlackTitle "FM"]
[WhiteElo "2210"]
[BlackElo "2320"]
[WhiteFideId "24199060"]
[BlackFideId "24176702"]
[EventDate "2016.01.30"]

1. e4 c5 2. Nf3 Nc6 3. d4 cxd4 4. Nxd4 g6 5. c4 Bg7 6. Be3 Nf6 7. Nc3 O-O 8. Be2
b6 9. O-O Bb7 10. f3 Nh5 11. Nxc6 dxc6 12. Qc2 Bd4 13. Qd2 Bc5 14. Qc1 Bxe3+ 15.
Qxe3 e5 16. Rad1 Qe7 17. c5 Nf4 18. g3 Ne6 19. cxb6 axb6 20. Bc4 Nd4 21. Kg2 Qb4
22. Bb3 Nxb3 23. axb3 Qxb3 24. Rd7 Bc8 25. Rc7 Ra2 26. Rf2 Rxb2 27. Rxc6 Bd7 28.
Rc7 Be6 29. Qg5 Rxf2+ 30. Kxf2 Qc2+ 31. Ke1 Ra8 32. Qd2 Ra1+ 33. Ke2 Qxd2+ 34.
Kxd2 Rh1 35. Rb7 Rxh2+ 36. Kd3 Rb2 37. f4 exf4 38. gxf4 h5 39. Nd5 h4 40. Nf6+
Kg7 41. e5 Rb4 42. Ke3 g5 43. fxg5 Kg6 0-1

[Event "Moscow Open A 2016"]
[Site "Moscow RUS"]
[Date "2016.02.02"]
[Round "4.85"]
[White "Bryakin, Mikhail"]
[Black "Makoveev, Ilya"]
[Result "1/2-1/2"]
[WhiteTitle "FM"]
[WhiteElo "2315"]
[BlackElo "2148"]
[WhiteFideId "4165314"]
[BlackFideId "34155748"]
[EventDate "2016.01.30"]

1. d4 Nf6 2. c4 g6 3. Nc3 d5 4. cxd5 Nxd5 5. Nf3 Bg7 6. Bd2 Nb6 7. e3 O-O 8. h4
Bg4 9. Be2 N8d7 10. Ng5 Bxe2 11. Qxe2 e5 12. d5 h6 13. Nf3 f5 14. e4 Nc5 15. Rd1
fxe4 16. Nxe4 Qxd5 17. Nxc5 Qxc5 18. Qe4 Qc6 19. Qxc6 bxc6 20. Bc3 Nd5 21. O-O
Nxc3 22. bxc3 Rfd8 23. Rxd8+ Rxd8 24. Re1 Rd5 25. Re2 Rc5 26. Re3 Kf7 27. Nd2
Ra5 28. Nc4 Rc5 29. Nd2 Ra5 30. Nc4 Rc5 31. Nd2 Ra5 1/2-1/2

[Event "Moscow Open A 2016"]
[Site "Moscow RUS"]
[Date "2016.02.02"]
[Round "4.86"]
[White "Tleptsok, Ruslan"]
[Black "Dzhangobegov, Vladimir"]
[Result "1-0"]
[BlackTitle "FM"]
[WhiteElo "2156"]
[BlackElo "2314"]
[WhiteFideId "24104485"]
[BlackFideId "4180984"]
[EventDate "2016.01.30"]

1. d4 g6 2. e4 Bg7 3. Nc3 d6 4. f4 c6 5. Nf3 Bg4 6. Be2 Qb6 7. e5 Nd7 8. Ng5
Bxe2 9. Qxe2 h6 10. Nf3 O-O-O 11. Bd2 dxe5 12. fxe5 g5 13. h3 c5 14. Na4 Qc6 15.
Nxc5 Nxc5 16. dxc5 e6 17. O-O-O Ne7 18. Qc4 b5 19. Qb3 Nf5 20. Qa3 Nd4 21. Ba5
Ne2+ 22. Kb1 Rd5 23. Rxd5 Qxd5 24. Bb4 Rd8 25. Qa6+ Qb7 26. Qa5 Nf4 27. c6 Qxc6
28. Qxa7 Nxg2 29. Bd6 Rxd6 30. exd6 Qxd6 31. Qxf7 Qd7 32. Qxd7+ Kxd7 33. Rg1 Ne3
34. h4 g4 35. Re1 gxf3 36. Rxe3 f2 37. Rf3 Bd4 38. c3 Bb6 39. Kc2 Kd6 40. Kd3
Kd5 41. Ke2 h5 42. Rf8 Ke4 43. Rb8 Ba7 44. Rxb5 e5 45. Rb7 Bc5 46. Rh7 Kf4 47.
Rxh5 Bb6 48. Rh6 Bc5 49. b4 Ba7 50. Ra6 1-0

[Event "Moscow Open A 2016"]
[Site "Moscow RUS"]
[Date "2016.02.02"]
[Round "4.87"]
[White "Morozov, Egor"]
[Black "Karayev, Kanan"]
[Result "1-0"]
[WhiteTitle "FM"]
[BlackTitle "CM"]
[WhiteElo "2313"]
[BlackElo "2140"]
[WhiteFideId "24102121"]
[BlackFideId "13406671"]
[EventDate "2016.01.30"]

1. Nf3 Nf6 2. g3 g6 3. Bg2 Bg7 4. O-O O-O 5. d3 d5 6. Nc3 Nc6 7. e4 dxe4 8. dxe4
e5 9. Bg5 Be6 10. Qc1 Qe7 11. Nd5 Bxd5 12. exd5 Nb4 13. Re1 Qc5 14. Nxe5 Qxc2
15. a3 Qxc1 16. Raxc1 Nbxd5 17. Bxf6 Nxf6 18. Rxc7 Rfe8 19. Kf1 Rac8 20. Rxb7
Rc2 21. Nxf7 Rf8 22. Ng5 Bh6 23. Ne6 Re8 24. Nd4 Rxe1+ 25. Kxe1 Rc4 26. Ne2 a5
27. Nc3 Rd4 28. h3 Bd2+ 29. Ke2 Bc1 30. Na2 Bh6 31. f4 Nh5 32. Rb3 g5 33. f5 a4
34. Rb8+ Kg7 35. g4 Nf4+ 36. Ke3 Rd3+ 37. Ke4 Rb3 38. Rxb3 axb3 39. Nc1 Nxg2 40.
Nxb3 Nf4 41. a4 Nxh3 42. a5 Nf2+ 43. Kd4 Kf7 44. a6 Bg7+ 45. Kd5 Nd3 46. a7 Nb4+
47. Kc4 1-0

[Event "Moscow Open A 2016"]
[Site "Moscow RUS"]
[Date "2016.02.02"]
[Round "4.88"]
[White "Sizintsev, Alexey"]
[Black "Zenin, Dmitri"]
[Result "1/2-1/2"]
[WhiteElo "2150"]
[BlackElo "2310"]
[WhiteFideId "24190985"]
[BlackFideId "4127897"]
[EventDate "2016.01.30"]

1. e4 e5 2. Nf3 Nc6 3. d4 exd4 4. Nxd4 Bc5 5. Be3 Qf6 6. c3 Nge7 7. g3 h5 8. h3
d5 9. Bg2 Bxd4 10. cxd4 dxe4 11. Nc3 Bf5 12. Nxe4 Bxe4 13. Bxe4 O-O-O 14. Qb3
Nf5 15. O-O-O Rhe8 16. Bg2 Nfxd4 17. Bxd4 Rxd4 18. Rxd4 Qxd4 19. Bxc6 bxc6 20.
Qxf7 Re2 21. Qg8+ Kb7 22. Qb3+ Qb6 23. Qxb6+ axb6 24. Rf1 c5 25. g4 h4 26. f4
Re3 27. f5 Rxh3 28. g5 Re3 29. f6 gxf6 30. gxf6 Re8 31. Rh1 Rf8 32. Rxh4 Rxf6
33. Kc2 Rf3 34. Rh6 Ka6 35. Rh7 c6 36. Rh6 Kb5 37. Rg6 c4 38. Rh6 Re3 39. Rg6
Rh3 40. Rf6 Rh1 41. Rg6 Ra1 42. a3 Rh1 43. Rg5+ c5 44. Rg6 Rh2+ 45. Kc3 Rh3+ 46.
Kc2 Ka5 47. Rg4 Kb5 1/2-1/2

[Event "Moscow Open A 2016"]
[Site "Moscow RUS"]
[Date "2016.02.02"]
[Round "4.89"]
[White "Lagashin, Pavel"]
[Black "Zhadanov, Vasili B."]
[Result "1-0"]
[BlackTitle "FM"]
[WhiteElo "2139"]
[BlackElo "2306"]
[WhiteFideId "24132144"]
[BlackFideId "4144473"]
[EventDate "2016.01.30"]

1. d4 Nf6 2. c4 g6 3. Nc3 d5 4. cxd5 Nxd5 5. Na4 Bg7 6. e4 Nb6 7. Be3 O-O 8. Nf3
Bg4 9. Nc5 Qc8 10. Qc2 Bxf3 11. gxf3 N8d7 12. O-O-O Nxc5 13. dxc5 Nd7 14. Bh3 e6
15. f4 Nb8 16. Rhg1 Nc6 17. Rg3 b6 18. f5 Qa6 19. a3 exf5 20. exf5 Rad8 21. Rxd8
Rxd8 22. cxb6 cxb6 23. fxg6 hxg6 24. Qxc6 Qe2 25. Bd7 Bxb2+ 26. Kb1 Bg7 27. Bc1
Qe5 28. Rd3 Qa1+ 29. Kc2 Qa2+ 30. Kd1 Qxf2 31. h3 Qf1+ 32. Kc2 Qe2+ 33. Rd2 Qe5
34. Bg4 Rxd2+ 35. Kxd2 Bh6+ 36. Kd1 Qa1 37. Qc8+ Kg7 38. Qc4 b5 39. Qc7 a5 40.
Qc2 Qd4+ 41. Ke2 Qe5+ 42. Kf1 Qa1 43. Qb2+ Qxb2 44. Bxb2+ Kh7 45. Bd7 b4 46. a4
Be3 47. Ke2 Bb6 48. Kd3 f5 49. Bf6 Kh6 50. Kc4 Be3 51. Be6 Kh5 52. Kb5 Bd2 53.
Bf7 f4 54. Bd5 g5 55. Kxa5 Bc3 56. Bxc3 bxc3 57. Be4 Kh4 58. Kb4 Kxh3 59. Kxc3
g4 60. a5 Kh2 61. a6 f3 62. a7 f2 63. Bd3 g3 64. a8=Q g2 65. Qb8+ Kh1 66. Qh8+
Kg1 67. Qd4 Kh1 68. Qxf2 1-0

[Event "Moscow Open A 2016"]
[Site "Moscow RUS"]
[Date "2016.02.02"]
[Round "4.90"]
[White "Uraev, Ivan"]
[Black "Martynyuk, Elizaveta"]
[Result "1-0"]
[WhiteTitle "FM"]
[BlackTitle "WFM"]
[WhiteElo "2302"]
[BlackElo "2115"]
[WhiteFideId "4192443"]
[BlackFideId "24128511"]
[EventDate "2016.01.30"]

1. e4 c5 2. Nf3 g6 3. Nc3 Bg7 4. d4 cxd4 5. Nxd4 Nc6 6. Be3 Nf6 7. h3 d5 8. Bb5
Bd7 9. exd5 Nxd4 10. Bxd7+ Qxd7 11. Bxd4 O-O 12. O-O Rfd8 13. Re1 e6 14. Bxf6
Bxf6 15. dxe6 Qxd1 16. Nxd1 fxe6 17. Rxe6 Kf7 18. Re2 Rd6 19. c3 Rad8 20. Ne3
Rd2 21. Kf1 b5 22. Rb1 Bg5 23. Ke1 Bxe3 24. Rxe3 Rc2 25. Re2 Re8 26. Rxe8 Kxe8
27. g3 Ke7 28. Kf1 Kd6 29. Kg2 Kc5 30. Kf3 a5 31. Ke3 Kc4 32. f4 Rh2 33. g4
Rxh3+ 34. Ke4 Rg3 35. Rh1 Rxg4 36. Rxh7 Kc5 37. Ke5 a4 38. Rc7+ Kb6 39. Rg7 Rg2
40. b4 a3 41. Kd4 Kc6 42. Ra7 Rd2+ 43. Ke5 Re2+ 44. Kd4 Rd2+ 45. Ke4 Re2+ 46.
Kd3 Rxa2 47. Ra6+ Kd5 48. Rxg6 Rf2 49. Rb6 Rf3+ 50. Kc2 Rxf4 51. Rxb5+ Ke4 52.
Kb3 Rf1 53. Kxa3 Kd3 54. Kb2 Kc4 55. Rc5+ Kd3 56. b5 Rf2+ 57. Kb3 Rf1 58. Rd5+
Ke4 59. Rd4+ Ke5 60. Kc4 Rb1 61. Kc5 Rb3 62. Rd5+ Ke6 63. c4 Rb1 64. b6 Ke7 65.
Kc6 Ke8 66. b7 1-0